000 00829nam a2200145Ia 4500
008 220216s9999 xx 000 0 und d
100 _aBristow G M
245 4 _aThe use of novel parameters in the assessment of natural rubber processability
260 _bJournal of Natural Rubber Research
_c1987
300 _a15-26
520 _aA number of parameters related to rheological behaviour of natural rubber (NR) may be obtained from unconventional measurements using the Mooney viscometer. These parameters have been measured on commercial samples of the major available grades of SMR. Discrimination between grades is better than for more conventional parameters. The significance of the measurements in terms of consistent processability of NR is discussed.
650 _aNatural rubber
700 _aSears A G
942 _cJS
999 _c71134
_d71134